000 00513nam a2200181Ia 4500
999 _c22754
_d22754
003 OSt
005 20200709143136.0
008 190216s9999||||xx |||||||||||||| ||und||
020 _a9788182713963
040 _coclc
082 _a297
_bMOU/B
100 _aMoudoodi, Abul Ala
_91860
245 0 _aBudhiyude Vidhi /
_cAbul Ala Moudoodi
260 _bIslamic Publishing House,
_aKozhikode:
_c2008.
300 _a54p
650 _aIslamic History
942 _cBK
_2ddc
_h297
_iMOU/B
_k297
_mMOU/B